00382ntaaa2200157 45000030003000000050017000030080021000200400037000410820017000781000021000952450030001162500010001462600041001563000010001976500017002070120251027201847.00714s1973 ag 01  aAR-BaBNbspacAR-BaBNeaacrdRIC a248.1000 Ow4 aOwnbey, Richard  aA christian and his money a1 ed. aNew York : bAbingdon Press, cc1947 a124 p amayordomía